Movilidad de pacientes en el SNS equilibrios polt̕icos, institucionales y financieros /

Detalles Bibliográficos
Autor principal: Moreno Fuentes, Francisco Javier
Otros Autores: Perna, Roberta, Cruz-Martn̕ez, Gibrǹ, Menard, Gat︠an
Formato: eBook
Lenguaje:español
Publicado: Madrid: Instituto Nacional de Administracin̤ Pb︢lica (INAP), 2022
Materias:
Acceso en línea:Acceso restringido

MARC

LEADER 00000nam a22000007a 4500
005 20220824233914.0
007 cr|||| ||||
008 220824s2022 es |||||s|||| 00||0 spa d
020 |a 978-84-7351-747-8 
035 |a 36517 
040 |a vLex 
090 |c 13827  |d 13827 
100 1 |a Moreno Fuentes, Francisco Javier 
245 1 0 |a Movilidad de pacientes en el SNS  |h [Recurso electrn̤ico] :  |b equilibrios polt̕icos, institucionales y financieros /  |c Francisco Javier Moreno Fuentes, Roberta Perna, Gibrǹ Cruz-Martn̕ez, Gat︠an Menard 
256 |a Servicio en ln̕ea 
260 |a Madrid:  |b Instituto Nacional de Administracin̤ Pb︢lica (INAP),  |c 2022 
300 |a 1 recurso electrn̤ico 
500 |a Cada aǫ, un gran nm︢ero de personas en Espaą reciben atencin̤ sanitaria en una comunidad autn̤oma distinta de aquella en la que tienen establecida su residencia habitual, por lo que los retos derivados de la movilidad de pacientes interpelan al conjunto del Sistema Nacional de Salud y requieren actuaciones concertadas, tanto en lo relativo a la financiacin̤ de los tratamientos sanitarios a pacientes desplazados, como en lo que respecta a la provisin̤ de servicios mďicos y a los mecanismos de regulacin̤ y articulacin̤ de dichos tratamientos en el marco de un sistema sanitario profundamente descentralizado. Este volumen presenta los resultados de una investigacin̤ exploratoria, desarrollada con objeto de estudiar la naturaleza exacta y la magnitud precisa de los obstc̀ulos que dificultan el acceso a la atencin̤ sanitaria en condiciones de igualdad efectiva de los ciudadanos en sus desplazamientos entre CC AA, situando los conflictos institucionales, polt̕icos, organizativos y presupuestarios en el centro de la comprensin̤ del problema. Partiendo de los enfoques propios del anl̀isis de polt̕icas pb︢licas en perspectiva comparada y con un diseǫ de investigacin̤ que combina mťodos cuantitativos y cualitativos, el presente proyecto analiza el diseǫ, la evolucin̤ y las inconsistencias que emergen a la hora de implementar los instrumentos de coordinacin̤ del sistema sanitario desde una perspectiva macro y micro, centrǹdose en el anl̀isis de las estrategias polt̕icas, administrativas y burocrt̀icas de un conjunto de CC AA y su relacin̤ con la administracin̤ sanitaria del Gobierno central. 
506 1 |a Disponible solo en los productos indicados  |d vLex Global  |d vLex Global (Academic Edition, excluding Law Schools)  |d vLex Global (U.S. Academic Edition, Law Schools)  |d vLex Global (U.S. Academic Edition, excluding Law Schools)  |d vLex Global (Academic Edition, Law Schools) 
650 0 4 |a Derecho Pb︢lico y Administrativo  |z Espaą 
650 0 4 |a Sanidad  |z Espaą 
700 1 |a Perna, Roberta 
700 1 |a Cruz-Martn̕ez, Gibrǹ 
700 1 |a Menard, Gat︠an 
740 0 |a vLex Libros (Servicio en ln̕ea) 
856 4 0 |u https://app.vlex.com/#/sources/36517  |z Acceso restringido 
942 |c BOOK 
999 0 |a Public and Administrative Law 
999 0 |a Health